| 000 | 00658nam a2200181 a 4500 | ||
|---|---|---|---|
| 005 | 20210219160204.0 | ||
| 008 | 080923s1978 mx r 000 0 spa d | ||
| 035 | _aUPN01000160488 | ||
| 049 | _aUNE | ||
| 080 | _a37.014. 552 (866) CAR No.4. | ||
| 100 | 1 | _aCárdenas L., José Elías | |
| 245 | 1 | 0 |
_aAcciones descentralización y nuclearización educativa en el Ecuador / _cJosé Elías Cárdenas L. |
| 260 |
_aSantiago de Chile : _bOREALC, _c1978. |
||
| 300 |
_av, 54 p.; _bil., map. |
||
| 440 | 0 | _aEstudios sobre descentralización de la administración educa- | |
| 690 | _aAdministracion de la educacion- Descentralizacion- Ecuador | ||
| 905 | _aUNESCO | ||
| 999 |
_c132601 _d132601 |
||